000 00382nam a22001457a 4500
020 _a81-7826-327-0
082 _a823
_bROH/K
245 _aTHE KING WITH THE EARS OF A DONKEY
_bSHORT STORY
246 _aTHE KING WITH THE EARS OF A DONKEY
_bSHORT STORY
250 _a2003
260 _aDELHI
_bROHAN BOOK COMPANY
_c2003
300 _a210
520 _aCHILDRENS SHORT STORY
942 _cBK
999 _c322
_d322